Study skills for geography students : a practical guide
Αποθηκεύτηκε σε:
| Κύριος συγγραφέας: | |
|---|---|
| Μορφή: | Βιβλίο |
| Γλώσσα: | English |
| Δημοσίευση: |
London :
Arnold,
2003.
|
| Έκδοση: | 2nd ed. |
| Θέματα: | |
| Ετικέτες: |
Προσθήκη ετικέτας
Δεν υπάρχουν, Καταχωρήστε ετικέτα πρώτοι!
|
MARC
| LEADER | 00000cam a2200000 i 4500 | ||
|---|---|---|---|
| 001 | 1/43299 | ||
| 008 | 031026s2003 uk | ||| |||| ||eng|| | ||
| 020 | |a 0340810319 | ||
| 020 | |a 978-0-340-810361-6 | ||
| 035 | |l 10071331 | ||
| 040 | |a GR-MY-UA |b gre |e aacr | ||
| 041 | 0 | |a eng | |
| 082 | 7 | |a 371.30281 |2 (21) | |
| 100 | 1 | |a Kneale, Pauline E. |q (Pauline Estner), |d 1954- | |
| 245 | 1 | 0 | |a Study skills for geography students : |b a practical guide / |c Pauline E. Kneale. |
| 250 | |a 2nd ed. | ||
| 260 | |a London : |b Arnold, |c 2003. | ||
| 300 | |a 288 σ. : |b εικ. ; |c 24 εκ. | ||
| 504 | |a Περιέχει βιβλιογραφικές παραπομπές και ευρετήριο. | ||
| 650 | 0 | 0 | |a Geography |x Study and teaching (Higher) |z Great Britain. |
| 650 | 0 | 0 | |a Study skills. |
| 852 | |a INST |b LESVOS |e 20050524 |h 371.30281 KNE |p 005100027584 |q 005100027584 |t BK |y 0 | ||
| 852 | |a INST |b LESVOS |e 20040906 |h 371.30281 KNE |p 005100030436 |q 005100030436 |t BK |y 0 | ||
| 852 | |a INST |b LESVOS |e 20031026 |h 371.30281 KNE |p 005100031002 |q 005100031002 |t BK |y 0 | ||
| 852 | |a INST |b LESVOS |e 20110822 |h 371.30281 KNE |p 005100049959 |q 005100049959 |t BK |y 0 | ||
| 852 | |a INST |b RHODES |e 20180522 |h 371.30281 ΚΝΕ |p 005400040067 |q 005400040067 |t BK |y 0 | ||
| 901 | |a BIBL1-2003-3 | ||
| 901 | |a BIBL1-2004-3 | ||
| 901 | |a BIBL1-2005-2 | ||
| 901 | |a BIBL1-2011-2 | ||
| 909 | |a Λ |b 106495 | ||
| 909 | |a Λ |b 111792 | ||
| 909 | |a Λ |b 116593 | ||
| 909 | |a Λ |b 170155 | ||
| 920 | |a ΠΡΟΓΡΑΜΜΑ ΜΕΤΑΠΤΥΧΙΑΚΩΝ ΣΠΟΥΔΩΝ "ΓΕΩΓΡΑΦΙΑ ΚΑΙ ΕΦΑΡΜΟΣΜΕΝΗ ΠΛΗΡΟΦΟΡΙΚΗ" |y Λέσβος |z 2004-09 | ||
| 922 | |a 1ΕΛΗ |b 200309 |c ΕΠΕΑΕΚ2/ΤΓ |d ΠΑΠΑΣΩΤΗΡΙΟΥ & ΕΛΕΥΘΕΡΟΥΔΑΚΗΣ | ||
| 922 | |a 1ΕΛΗ |b 200411 |c ΕΠΕΑΕΚ2/ΤΓ |d ΜΙΧΑΛΟΠΟΥΛΟΣ | ||
| 950 | |a 118-2002-10-05 | ||
| 950 | |a 118-2003-09-17 | ||
| 970 | |a ΧΡΙΣΤΟΦΑ |b ΝΙΚΗ |z 2003/10/30 | ||